تحميل...
Bharathey lekhak Kosh /
| المؤلف الرئيسي: | |
|---|---|
| اللغة: | Undetermined |
| منشور في: |
Agra :
Paragathy ,
1970.
|
| LEADER | 00437nam a2200133Ia 4500 | ||
|---|---|---|---|
| 001 | 33282 | ||
| 008 | 170722s9999 xx 000 0 und d | ||
| 100 | |a Pardesi, Ramgopal | ||
| 245 | |a Bharathey lekhak Kosh / | ||
| 260 | |a Agra : |b Paragathy , |c 1970. | ||
| 300 | |a 452 p. |c 22.5Cms | ||
| 942 | |c GEN | ||
| 999 | |c 101869 |d 101869 | ||
| 952 | |0 0 |1 0 |4 0 |6 O__12AN7_152L0_RB |7 0 |9 143155 |a LIB |b LIB |d 2017-08-12 |o O.12aN7 152L0 (RB) |p 191026 |r 2017-08-12 |v 60.00 |w 2017-08-12 |y GEN | ||